A field of one's own (Record no. 1847)
[ view plain ]
| 000 -LEADER | |
|---|---|
| fixed length control field | 008260000a22002530004500 |
| 003 - CONTROL NUMBER IDENTIFIER | |
| control field | LK-CoMWRAF |
| 005 - DATE AND TIME OF LATEST TRANSACTION | |
| control field | 20231109113805.0 |
| 008 - FIXED-LENGTH DATA ELEMENTS--GENERAL INFORMATION | |
| fixed length control field | 230817t1994 ||||| |||| 00| 0 eng d |
| 020 ## - INTERNATIONAL STANDARD BOOK NUMBER | |
| International Standard Book Number | 0521418682 |
| 040 ## - CATALOGING SOURCE | |
| Original cataloging agency | LK-CoMWRAF |
| Modifying agency | LK-CoMWRAF |
| Description conventions | LK-CoMWRAF |
| 041 ## - LANGUAGE CODE | |
| Language code of text/sound track or separate title | English |
| 082 ## - DEWEY DECIMAL CLASSIFICATION NUMBER | |
| Classification number | 323.4 |
| Item number | AGA |
| 942 ## - ADDED ENTRY ELEMENTS (KOHA) | |
| Koha item type | Books |
| 100 ## - MAIN ENTRY--PERSONAL NAME | |
| Personal name | Agarwal, Bina |
| 245 ## - TITLE STATEMENT | |
| Title | A field of one's own |
| Remainder of title | :gender and land rights in South Asia |
| 260 ## - PUBLICATION, DISTRIBUTION, ETC. (IMPRINT) | |
| Place of publication, distribution, etc. | Cambridge: |
| Name of publisher, distributor, etc. | Cambridge University Press, |
| Date of publication, distribution, etc. | 1994 |
| 300 ## - PHYSICAL DESCRIPTION | |
| Extent | xxi, 572 p. : maps ; 24 cm. |
| Other physical details | Bibliography and Index included |
| 490 ## - SERIES STATEMENT | |
| Series statement | Cambridge South Asian Studies |
| 650 ## - SUBJECT ADDED ENTRY--TOPICAL TERM | |
| Topical term or geographic name as entry element | Land tenure-South Asia. |
| 653 ## - INDEX TERM--UNCONTROLLED | |
| Uncontrolled term | Land reform-South Asia. |
| 653 ## - INDEX TERM--UNCONTROLLED | |
| Uncontrolled term | Right of property-South Asia. |
| 653 ## - INDEX TERM--UNCONTROLLED | |
| Uncontrolled term | Women's rights-South Asia. |
| 653 ## - INDEX TERM--UNCONTROLLED | |
| Uncontrolled term | Rural women-South Asia-Economic conditions |
| Withdrawn status | Lost status | Damaged status | Not for loan | Permanent Location | Current Location | Date acquired | Full call number | Barcode | Koha item type |
|---|---|---|---|---|---|---|---|---|---|
| Resource center, Muslim Women's Research And Action Forum | Resource center, Muslim Women's Research And Action Forum | 2023-08-17 | 323.4 AGA | RAF2 | Books | ||||
| Resource center, Muslim Women's Research And Action Forum | Resource center, Muslim Women's Research And Action Forum | 2023-11-09 | 323.4 AGA | RAF175 | Books |

